60 polskich osobowości telewizyjnych - Statystyki

Ogólne statystyki
  • Ten quiz został rozwiązany 1 088 razy
  • Średni wynik to 22 z 60
Statystyki odpowiedzi
Imię Nazwisko % Poprawnych
Wojciech Modest Amaro
87%
Zygmunt Chajzer
80%
Filip Chajzer
80%
Patricia Kazadi
67%
Hubert Urbański
67%
Krzysztof Ibisz
62%
Natasza Urbańska
61%
Rafał Brzozowski
60%
Dorota Wellman
59%
Dorota Zawadzka
59%
Marcelina Zawadzka
59%
Olivier Janiak
58%
Kuba Wojewódzki
58%
Odeta Moro
53%
Maciej Dowbor
52%
Katarzyna Dowbor
52%
Basia Kurdej-Szatan
52%
Martyna Wojciechowska
52%
Tomasz Kammel
48%
Marcin Prokop
44%
Tadeusz Sznuk
43%
Robert Janowski
42%
Kinga Rusin
42%
Jarosław Kret
41%
Marzena Rogalska
41%
Antoni Królikowski
40%
Kamil Durczok
34%
Agata Młynarska
34%
Paulina Sykut-Jeżyna
34%
Magda Gessler
33%
Beata Tadla
33%
Grażyna Torbicka
33%
Wojciech Mann
31%
Ewa Drzyzga
30%
Agnieszka Woźniak-Starak
30%
Piotr Kraśko
29%
Tomasz Lis
28%
Magda Mołek
28%
Małgorzata Rozenek Majdan
25%
Ewa Wachowicz
24%
Wojciech Cejrowski
21%
Dorota Gardias
21%
Tamara Gonzalez Perea
21%
Dorota Szelągowska
21%
Piotr Gąsowski
20%
Ula Chincz
19%
Izabela Janachowska
19%
Joanna Krupa
16%
Damian Kordas
15%
Michał Piróg
15%
Katarzyna Skrzynecka
14%
Agnieszka Hyży
13%
Przemysław Kossakowski
13%
Maciej Rock
13%
Karolina Szostak
11%
Agnieszka Cegielska
10%
Rafał Jonkisz
9%
Anna Starmach
9%
Michał Koterski
6%
Anna Wendzikowska
5%
Nie znaleziono quizów pasujących do podanych kryteriów
Rozkład punktacji
Procent ludzi z każdym wynikiem
Percentyl według liczby udzielonych odpowiedzi
Twoja historia wyników
Nie rozwiązałeś tego quizu